000 00778nab a2200241u 4500
001 07976
003 HDC
007 c| |||a|c|aaaa
008 210129b20170728my ||||| |||| 00| 0 may d
040 _aHDC
100 _aAkmyr Syahar Azwar
_eauthor
_97616
245 0 _aGLC Explorace 2017 dijangka jana RM9b /
_cAkmyr Syahar Azwar
336 _atext
_2rdacontent
337 _acomputer
_2rdamedia
338 _aonline resource
_2rdacarrier
650 _aGLC Explorace 2017
_98482
650 _aUEM Group
_98483
710 _aUtusan Malaysia
856 _zRequest full-text at [email protected]
942 _2lcc
942 _cNEWS
942 _kNWSC 001442
999 _c5299
_d5299